Normal view
MARC view
- Piscione, Deborah Perry
Entry Personal Name
001 - CONTROL NUMBER
- control field: 133983
003 - CONTROL NUMBER IDENTIFIER
- control field: NUST
005 - DATE AND TIME OF LATEST TRANSACTION
- control field: 20260408120707.0
008 - FIXED-LENGTH DATA ELEMENTS
- fixed length control field: 260408|| aca||aabn | a|a d
040 ## - CATALOGING SOURCE
- Original cataloging agency: NUST
- Transcribing agency: NUST
100 ## - HEADING--PERSONAL NAME
- Personal name: Piscione, Deborah Perry
670 ## - SOURCE DATA FOUND
- Source citation: Work cat.: (NUST): Piscione, Deborah Perry., Secrets of Silicon Valley : what everyone else can learn from the innovation capital of the world /, 2013.
